|
|
|
|
| LEADER |
00000cam a2200000 a 4500 |
| 001 |
vtls001420686 |
| 003 |
SK-MaSNL |
| 005 |
20260301012826.0 |
| 008 |
180126s2001 xo a 0 und |
| 035 |
|
|
|a SNK000375528
|
| 040 |
|
|
|a SNK
|b slo
|c SNK
|e AACR2
|
| 044 |
|
|
|a xo
|c SK
|
| 046 |
|
|
|a m
|m 200109 (účin. )
|n 201204
|
| 072 |
|
7 |
|a 621.3
|x Elektrotechnika
|2 konspekt
|
| 080 |
|
|
|a 621.313
|2 2011
|
| 130 |
0 |
|
|a STN 06 1420 [neplatná] (STN EN 1458-2)
|9 298517
|
| 245 |
1 |
0 |
|a STN EN 1458-2: 2001, [neplatná] (06 1420) Bubnové sušiče s priamym ohrevom na plynné palivá pre domácnosť, v zhotovení B 22D a B 23D, s menovitým tepelným príkonom najviac do 6 kW
|n Časť 2
|p Racionálne využitie energie
|
| 246 |
1 |
0 |
|a Bubnové sušiče s priamym ohrevom na plynné palivá pre domácnosť, v zhotovení B 22D a B 23D, s menovitým tepelným príkonom najviac do 6 kW. Časť 2
|
| 246 |
1 |
0 |
|a Racionálne využitie energie
|
| 246 |
3 |
0 |
|a EN 1458-2: 1999
|
| 260 |
|
|
|a Bratislava
|b Slovenský ústav technickej normalizácie
|c 2001
|
| 300 |
|
|
|a 11 s.
|
| 500 |
|
|
|a Spracovateľ: Slovenská spoločnosť pre technickú normalizáciu Bratislava, Ján Madár
|
| 650 |
0 |
7 |
|a elektrické spotrebiče
|2 SNKPH
|9 58058
|
| 650 |
0 |
7 |
|a elektrické spotrebiče
|2 SNKPH
|9 58058
|
| 650 |
0 |
7 |
|a Electric apparatus and appliances
|2 SNKPHeng
|9 287152
|
| 700 |
1 |
|
|a Madár, Ján
|4 aut
|9 271429
|
| 710 |
2 |
|
|a Slovenská spoločnosť pre technickú normalizáci (Bratislava, Slovensko)
|9 298518
|
| 999 |
|
|
|c 554457
|d 556387
|
| 952 |
|
|
|t P60, <03>, [BOOK], {603}
|a SNK
|b SNK
|y PREZ
|7 0
|p 17A0314807
|o snkSTN EN 1458-2
|i snkN 1985/2001
|0 0
|1 0
|4 0
|d 2001-09-17
|l 0
|r 2005-01-02 00:00:00
|w 2026-02-23
|
| 952 |
|
|
|t P60, <04>, [BOOK], {604}
|a SNK
|b SNK
|y VYP
|7 0
|p 17A0314806
|o snkSTN EN 1458-2 D1
|i snkN 1986/2001
|0 0
|1 0
|4 0
|d 2001-09-17
|l 0
|r 2005-01-02 00:00:00
|w 2026-02-23
|